My mother's sari / (Record no. 62738)

MARC details
000 -LEADER
fixed length control field 00563nam a22001697a 4500
005 - DATE AND TIME OF LATEST TRANSACTION
control field 20120120111620.0
020 ## - INTERNATIONAL STANDARD BOOK NUMBER
International Standard Book Number 8181464648
Terms of availability 150.00
020 ## - INTERNATIONAL STANDARD BOOK NUMBER
International Standard Book Number 9788181464644
Terms of availability 150.00
100 ## - MAIN ENTRY--PERSONAL NAME
Personal name Rao,Sandhya
245 ## - TITLE STATEMENT
Title My mother's sari /
Statement of responsibility, etc by Sandhya Rao ; illustrated by Nina Sabnani
260 ## - PUBLICATION, DISTRIBUTION, ETC. (IMPRINT)
Place of publication, distribution, etc Chennai
Name of publisher, distributor, etc Tulika Publishers
Date of publication, distribution, etc 2009
270 ## - ADDRESS
Address 13 prithvi Avenue First Street,Abhiramapuram,
City Chennai
Postal code 600018
300 ## - PHYSICAL DESCRIPTION
Extent Unpaged
Other physical details ill (col)
Dimensions 29 cm (pbk)
500 ## - GENERAL NOTE
General note Read aloud age 3+ read alone 6+
700 ## - ADDED ENTRY--PERSONAL NAME
Personal name Sabnani,Nina
9 (RLIN) 41924
942 ## - ADDED ENTRY ELEMENTS (KOHA)
Source of classification or shelving scheme Dewey Decimal Classification
Item type Children Books
Call number suffix RAO

No items available.


© Delhi Public Library
Hit Counter
free hit counter